000 00507nam a2200181Ia 4500
001 9624
005 20260306161732.0
008 260306t2014||||xx |||||||||||||| ||spa||
041 _aESP
082 _a382.911
_bE92
100 _aBacaria Colom, Jordi
_eAUT
245 0 _aEstudio sobre américa latina, el caribe y europa central y oriental:
_bpotencial para el intercambio económico
260 _c2014
300 _a71 páginas :
_c24 cm.
650 _aGEN
654 _aCAN
942 _cREV
_dJUS
_fJUS
_2ddc
_n
999 _c9624
_d9624